Daňové exekučné konanie
Daňový poriadok upravuje daňové exekučné konanie, ktoré je konaním správcu dane. Daňové exekučné konanie je núteným výkonom zo strany správcu dane. Začína sa vždy z úradnej moci. Prostredníctvom tohto konania dochádza k vymáhaniu daňových nedoplatkov, peňažných plnení uložených rozhodnutím, exekučný...
Guardado en:
| Autor principal: | |
|---|---|
| Formato: | Capítulo de libro |
| Lenguaje: | eslovaco |
| Materias: | |
| Etiquetas: |
Sin Etiquetas, Sea el primero en etiquetar este registro!
|
MARC
| LEADER | 00000naa a2200000 4500 | ||
|---|---|---|---|
| 001 | 0308654 | ||
| 005 | 20250520093108.4 | ||
| 041 | 0 | |a slo | |
| 044 | |a SK | ||
| 245 | 1 | 0 | |a Daňové exekučné konanie |c Daniela Ivanáková |
| 520 | |a Daňový poriadok upravuje daňové exekučné konanie, ktoré je konaním správcu dane. Daňové exekučné konanie je núteným výkonom zo strany správcu dane. Začína sa vždy z úradnej moci. Prostredníctvom tohto konania dochádza k vymáhaniu daňových nedoplatkov, peňažných plnení uložených rozhodnutím, exekučných nákladov, hotových výdavkov. | ||
| 610 | 2 | 0 | |a konanie exekučné daňové |
| 610 | 2 | 0 | |a poriadok daňový |
| 610 | 2 | 0 | |a správa daňová |
| 610 | 2 | 0 | |a nedoplatky |
| 610 | 2 | 0 | |a náklady |
| 610 | 2 | 0 | |a výdavky |
| 610 | 2 | 0 | |a zákony |
| 610 | 2 | 0 | |a legislatíva |
| 100 | 1 | |a Ivanáková, Daniela | |